000 01658nas1a22003131i 4500
001 RU\NLR\Perin\983697
005 20260407200028.0
011 _a0234-6206
035 _a(NLR Aleph) 004245931
090 _a2023223
_c2023223
100 _a20090203a20089999|||y0rusy50 ba
101 0 _aeng
_arus
102 _aRU
110 _aauuz|||||||
200 1 _aEngineering & automation problems
_iSpecial issue
_dПроблемы машиностроения и автоматизации
_iСпециальный выпуск
_einternational journal
_fBlagonravov mech. engineering research inst. RAS [etc.]
210 _aMoscow
_cBlagonravov mech. engineering research inst.
_cRosinfermresurses
_d2008-
510 1 _aПроблемы машиностроения и автоматизация
_iСпециальный выпуск
_zrus
606 _aМашиностроение
_jПериодические издания
_xАвтоматизация
_91125353
_3RU\NLR\AUTH\66126776
686 1 _aК5-5-05я52
712 0 2 _4570
_8eng
_aBlagonravov mechanical engineering research institute
_cMoscow
_7ba
_3RU\NLR\AUTH\8810130717
_9758175
801 2 _aRU
_bNLR
_c20090204
_2rusmarc
801 0 _aRU
_bNLR
_gPSBO
801 1 _aRU
_bNLR
_c20090203
_2rusmarc
852 _aNLR
_jP11/4790
942 _cJOURNAL
980 _aINPER